[Event "AUTO-ELITE-2553"]
[Site "http://www.queenalice.com/game.php?id=1844444"]
[Date "2024.9.29"]
[Round "1"]
[White "mestreRJ"]
[Black "raulzampronha"]
[Result "1-0"]
[WhiteElo "2715"]
[BlackElo "2378"]

1. e4 c5 2. c3 Nf6 3. e5 Nd5 4. d4 cxd4 5. Nf3 e6 6. cxd4 b6 7. Nc3 Bb7 8. Bd2
Nxc3 9. Bxc3 Be7 10. Bd3 O-O 11. h4 f5 12. exf6 Rxf6 13. d5 Rh6 14. Bd2 Rf6 15.
Ng5 h6 16. Bh7+ Kh8 17. Bc3 hxg5 18. hxg5 Rf4 19. Bg6+ 1-0

[Event "AUTO-ELITE-2553"]
[Site "http://www.queenalice.com/game.php?id=1844445"]
[Date "2024.9.29"]
[Round "1"]
[White "raulzampronha"]
[Black "mestreRJ"]
[Result "0-1"]
[WhiteElo "2355"]
[BlackElo "2716"]

1. d4 Nf6 2. c4 e5 3. dxe5 Ng4 4. Nf3 Nc6 5. Bf4 Bb4+ 6. Nbd2 Qe7 7. e3 Ngxe5 8.
Nxe5 Nxe5 9. Be2 d6 10. O-O a5 11. Rc1 O-O 12. Nb3 b6 13. a3 Bc5 14. Nd4 Bb7 15.
Nc2 g5 16. Bg3 a4 17. Nb4 Ng6 18. Nd5 Bxd5 19. cxd5 f5 20. h3 f4 21. exf4 gxf4
22. Bh2 Qg7 23. Bg4 Qxb2 0-1

[Event "AUTO-OPEN-4529"]
[Site "http://www.queenalice.com/game.php?id=1847572"]
[Date "2024.11.22"]
[Round "2"]
[White "bmax"]
[Black "mestreRJ"]
[Result "0-1"]
[WhiteElo "2294"]
[BlackElo "2729"]

1. d4 Nf6 2. Bf4 d5 3. e3 c5 4. c3 Nc6 5. Nd2 Bf5 6. Ngf3 Qb6 7. Nh4 Bd7 8. Qb3
Qxb3 9. axb3 Nh5 10. Bc7 Rc8 11. Bg3 e6 12. Nhf3 a5 13. Bb5 b6 14. Ba6 Ra8 15.
Bb5 cxd4 16. exd4 Ra7 17. Be2 f6 18. Nf1 Be7 19. N3d2 Nxg3 20. Nxg3 Kf7 21. h4
Bd6 22. Ngf1 b5 23. Ne3 Rb8 24. h5 b4 25. Bd3 Kg8 26. g3 bxc3 27. bxc3 Rc7 28.
Ke2 Kh8 29. h6 g5 30. g4 Ra7 31. c4 Nxd4+ 32. Kd1 Bb4 33. cxd5 Bxd2 34. Kxd2
Nxb3+ 0-1

[Event "AUTO-OPEN-4529"]
[Site "http://www.queenalice.com/game.php?id=1847573"]
[Date "2024.11.22"]
[Round "2"]
[White "mestreRJ"]
[Black "bmax"]
[Result "1-0"]
[WhiteElo "2726"]
[BlackElo "2295"]

1. e4 c6 2. d4 d5 3. e5 Bf5 4. h4 h6 5. g4 Be4 6. f3 Bh7 7. e6 fxe6 8. Bd3 Bxd3
9. Qxd3 Qd6 10. f4 Nf6 11. Qg6+ Kd8 12. Nf3 Nfd7 13. Ne5 Nxe5 14. dxe5 Qb4+ 15.
c3 Qb6 16. h5 a5 17. Na3 a4 18. Nc2 Na6 19. Nd4 Nc7 20. Kf2 c5 21. Ne2 c4+ 22.
Be3 Qb5 23. b3 cxb3 24. axb3 Qxb3 25. Rhb1 Qc4 26. Rxb7 Kc8 27. Rb4 Qc6 28. Nd4
Qxc3 29. Rc1 1-0

[Event "AUTO-OPEN-4529"]
[Site "http://www.queenalice.com/game.php?id=1847580"]
[Date "2024.11.22"]
[Round "2"]
[White "mestreRJ"]
[Black "Kapablanca"]
[Result "1-0"]
[WhiteElo "2725"]
[BlackElo "2152"]

1. e4 e6 2. d4 d5 3. e5 c5 4. Nf3 Nc6 5. c3 Qb6 6. Bd3 cxd4 7. cxd4 Bb4+ 8. Nc3
Nge7 9. O-O O-O 10. Bxh7+ Kh8 11. Ng5 Qxd4 12. Qh5 1-0

[Event "AUTO-OPEN-4529"]
[Site "http://www.queenalice.com/game.php?id=1847581"]
[Date "2024.11.22"]
[Round "2"]
[White "Kapablanca"]
[Black "mestreRJ"]
[Result "0-1"]
[WhiteElo "2149"]
[BlackElo "2725"]

1. d4 Nf6 2. c4 e5 3. d5 Bc5 4. Nc3 d6 5. e4 Ng4 6. Nh3 O-O 7. Be2 Qh4 8. O-O h6
9. Kh1 Bxf2 10. Nxf2 Qxh2# 0-1

[Event "AUTO-OPEN-4530"]
[Site "http://www.queenalice.com/game.php?id=1847645"]
[Date "2024.11.23"]
[Round "2"]
[White "Pumpernickel"]
[Black "mestreRJ"]
[Result "0-1"]
[WhiteElo "2159"]
[BlackElo "2715"]

1. e4 e6 2. d4 d5 3. Nd2 dxe4 4. Nxe4 Nd7 5. Bd3 Ngf6 6. Nxf6+ Nxf6 7. Nf3 c5 8.
dxc5 Bxc5 9. c3 Qc7 10. O-O O-O 11. Bg5 h6 12. Bh4 Rd8 13. Re1 Bd6 14. Bxf6 gxf6
15. Qd2 Bf8 16. Rad1 Bd7 17. Qe3 f5 18. Bb1 Bg7 19. Ne5 Bxe5 20. Qxe5 Qxe5 21.
Rxe5 Ba4 22. Rde1 Bd1 23. f4 Rd2 24. b3 Rad8 25. c4 Rb2 0-1

[Event "AUTO-OPEN-4530"]
[Site "http://www.queenalice.com/game.php?id=1847646"]
[Date "2024.11.23"]
[Round "2"]
[White "mestreRJ"]
[Black "Pumpernickel"]
[Result "1-0"]
[WhiteElo "2713"]
[BlackElo "2170"]

1. e4 c5 2. c3 Nc6 3. d4 cxd4 4. cxd4 d5 5. Nc3 e6 6. exd5 exd5 7. Bb5 Nf6 8.
Nf3 Bd6 9. Qe2+ Be6 10. Ng5 Qc8 11. O-O O-O 12. Nxe6 Qxe6 13. Be3 a6 14. Bd3
Rfe8 15. Qf3 Qg4 16. Be2 Qe6 17. a3 Rad8 18. g3 Bb8 19. Bd3 Ba7 20. Bf5 Qe7 21.
Rad1 b5 22. Bc2 Qb7 23. h4 b4 24. Ne2 Ne4 25. Kg2 a5 26. Qg4 b3 27. Bb1 a4 28.
Nc3 Nxc3 29. bxc3 Re6 30. Bg5 Rde8 31. Qf5 1-0

[Event "AUTO-OPEN-4530"]
[Site "http://www.queenalice.com/game.php?id=1847654"]
[Date "2024.11.23"]
[Round "2"]
[White "mestreRJ"]
[Black "Capixabba789"]
[Result "1-0"]
[WhiteElo "2724"]
[BlackElo "1886"]

1. e4 e5 2. Nf3 d6 3. d4 exd4 4. Nxd4 Nf6 5. Nc3 Be7 6. Bc4 c5 7. Bb5+ Bd7 8.
Bxd7+ Nbxd7 9. Nf5 O-O 10. O-O Ne5 11. Bg5 a6 12. Nxe7+ Qxe7 13. Nd5 Qd8 14. f4
Ng6 15. Rf3 Qd7 16. Bxf6 1-0

[Event "AUTO-OPEN-4530"]
[Site "http://www.queenalice.com/game.php?id=1847657"]
[Date "2024.11.23"]
[Round "2"]
[White "maurice916"]
[Black "mestreRJ"]
[Result "0-1"]
[WhiteElo "1882"]
[BlackElo "2722"]

1. Nf3 e6 2. b3 Nf6 3. Bb2 c5 4. e3 Be7 5. c4 O-O 6. d4 d5 7. Nc3 cxd4 8. exd4
Qa5 9. Nd2 Nc6 10. a3 Nxd4 11. b4 Qc7 12. c5 b6 13. Nxd5 Nxd5 14. Bxd4 bxc5 15.
bxc5 e5 16. Bb2 Bxc5 17. Be2 Rb8 18. Qc1 Nf4 19. O-O Nxe2+ 0-1

[Event "AUTO-OPEN-4530"]
[Site "http://www.queenalice.com/game.php?id=1847658"]
[Date "2024.11.23"]
[Round "2"]
[White "mestreRJ"]
[Black "maurice916"]
[Result "1-0"]
[WhiteElo "2723"]
[BlackElo "1870"]

1. e4 c6 2. d4 d5 3. e5 c5 4. Nf3 cxd4 5. Nxd4 e6 6. Nd2 Nc6 7. N2f3 a6 8. Bd3
Bc5 9. c3 Nge7 10. Nxc6 Nxc6 11. O-O O-O 12. Bxh7+ Kxh7 13. Ng5+ Kg8 14. Qh5
Qxg5 15. Qxg5 Be7 16. Qg3 f6 17. exf6 Bxf6 18. Re1 Ne5 19. Rxe5 Kf7 20. Rh5 Bd7
21. Bg5 Ke7 22. Re1 Rae8 23. Bxf6+ Rxf6 24. Rxd5 1-0

[Event "AUTO-OPEN-4528"]
[Site "http://www.queenalice.com/game.php?id=1847720"]
[Date "2024.11.24"]
[Round "3"]
[White "mestreRJ"]
[Black "josebaron"]
[Result "1-0"]
[WhiteElo "2721"]
[BlackElo "2215"]

1. e4 e5 2. Nf3 Nc6 3. Bc4 Bc5 4. c3 Nf6 5. d4 exd4 6. cxd4 Bb4+ 7. Bd2 Bxd2+ 8.
Nbxd2 O-O 9. d5 Ne7 10. O-O d6 11. Qb3 a5 12. Rfe1 b6 13. Nd4 Ba6 14. Bxa6 Rxa6
15. Rac1 Ra8 16. Qc3 Rc8 17. Nf1 1-0

[Event "AUTO-OPEN-4528"]
[Site "http://www.queenalice.com/game.php?id=1847721"]
[Date "2024.11.24"]
[Round "3"]
[White "josebaron"]
[Black "mestreRJ"]
[Result "0-1"]
[WhiteElo "2216"]
[BlackElo "2720"]

1. e4 e6 2. Nf3 d5 3. exd5 exd5 4. d4 Nf6 5. Bd3 Bd6 6. O-O O-O 7. Re1 h6 8. c4
dxc4 9. Bxc4 Nc6 10. Nc3 Bg4 11. h3 Bxf3 12. Qxf3 Nxd4 13. Qd3 Nc6 14. a3 Ne5
0-1

[Event "AUTO-ELITE-2552"]
[Site "http://www.queenalice.com/game.php?id=1848873"]
[Date "2024.12.17"]
[Round "2"]
[White "mestreRJ"]
[Black "Sexxy_Bunny"]
[Result "1/2-1/2"]
[WhiteElo "2730"]
[BlackElo "2698"]

1. e4 c5 2. c3 Nf6 3. e5 Nd5 4. d4 cxd4 5. Nf3 Nc6 6. cxd4 d6 7. Bc4 Nb6 8. Bb5
dxe5 9. Nxe5 Bd7 10. Nxd7 Qxd7 11. Nc3 e6 12. O-O Rd8 13. Be3 Be7 14. Qg4 O-O
15. Rad1 g6 16. Qf3 a6 17. Bxc6 Qxc6 18. Qxc6 bxc6 19. Rc1 Rb8 20. Ne4 Nd5 21.
b3 Nb4 22. a3 Nd5 23. b4 Nxe3 24. fxe3 Rfc8 25. Kf2 a5 26. bxa5 Ra8 27. a4 Rxa5
28. Rc4 Rb8 29. Rfc1 Rb2+ 30. R4c2 Rxc2+ 31. Rxc2 f5 32. Nc5 e5 33. Ne6 Rxa4 34.
Rxc6 Ra2+ 35. Kg3 Bf6 36. Nc7 Kf7 37. Nd5 Bh8 38. Rc7+ Ke6 39. Rxh7 Kxd5 40.
Rxh8 e4 41. Rc8 Re2 42. Rc5+ Kd6 43. Rc3 g5 44. h3 Ke6 45. Rc6+ Kd5 46. Rc5+ Ke6
47. Rc6+ Kd5 48. Rc5+ Ke6 49. Rc6+ 1/2-1/2

[Event "AUTO-ELITE-2552"]
[Site "http://www.queenalice.com/game.php?id=1848874"]
[Date "2024.12.17"]
[Round "2"]
[White "Sexxy_Bunny"]
[Black "mestreRJ"]
[Result "1/2-1/2"]
[WhiteElo "2690"]
[BlackElo "2726"]

1. e4 e6 2. d4 d5 3. Nc3 dxe4 4. Nxe4 Nd7 5. Nf3 Ngf6 6. Nxf6+ Nxf6 7. Bd3 c5 8.
dxc5 Bxc5 9. O-O O-O 10. Bg5 b6 11. Qe2 Bb7 12. Rad1 Qc7 13. Bxf6 gxf6 14. Be4
Bxe4 15. Qxe4 Rfd8 16. g3 f5 17. Qe2 Be7 18. c3 Bf6 19. Rxd8+ Rxd8 20. Rd1 Rxd1+
21. Qxd1 Qc4 22. a3 Qb5 23. Qd2 Kg7 24. Ne1 Qc6 25. Ng2 Qe4 26. Nf4 Be5 27. Nd3
Bc7 28. Nb4 f4 29. Nd3 fxg3 30. hxg3 h6 31. Ne1 Be5 32. Qd1 h5 33. Kf1 Qc4+ 34.
Nd3 Qd5 35. Qd2 Bc7 36. Qe3 Bd8 37. Ke2 Bf6 38. Qf3 Qxf3+ 39. Kxf3 Kf8 40. Ke4
Ke7 41. Ne5 a6 42. a4 Bxe5 43. Kxe5 f6+ 44. Ke4 Kd6 45. b3 Kc5 46. Kf3 Kd5 47.
Kf4 Kd6 48. Ke4 Kc5 49. Ke3 Kd5 50. Kf4 Kd6 51. Ke4 1/2-1/2

[Event "AUTO-ELITE-2537"]
[Site "http://www.queenalice.com/game.php?id=1849714"]
[Date "2025.1.2"]
[Round "3"]
[White "mestreRJ"]
[Black "acid"]
[Result "1/2-1/2"]
[WhiteElo "2716"]
[BlackElo "2727"]

1. e4 c5 2. c3 Nf6 3. e5 Nd5 4. d4 cxd4 5. Nf3 Nc6 6. cxd4 d6 7. Bc4 Nb6 8. Bb5
dxe5 9. Nxe5 Bd7 10. Nxd7 Qxd7 11. Nc3 e6 12. O-O Rd8 13. Be3 Be7 14. Qg4 O-O
15. Rad1 Rfe8 16. d5 Nxd5 17. Nxd5 exd5 18. Qxd7 Rxd7 19. Bxa7 Ra8 20. Bb6 Rxa2
21. Ra1 Rxa1 22. Rxa1 g6 23. Ra7 Nxa7 24. Bxd7 Nc6 25. Bc8 Bd8 26. Bxb7 Bxb6 27.
Bxc6 d4 1/2-1/2

[Event "AUTO-ELITE-2537"]
[Site "http://www.queenalice.com/game.php?id=1849715"]
[Date "2025.1.2"]
[Round "3"]
[White "acid"]
[Black "mestreRJ"]
[Result "1/2-1/2"]
[WhiteElo "2724"]
[BlackElo "2715"]

1. c4 Nf6 2. d4 e6 3. Nf3 d5 4. Nc3 Bb4 5. Bg5 h6 6. Bxf6 Qxf6 7. Qa4+ Nc6 8. e3
O-O 9. Be2 dxc4 10. O-O Bd7 11. Bxc4 Bxc3 12. bxc3 Rfd8 13. Qc2 Na5 14. Bd3 c5
15. Ne5 Rac8 16. f4 Nc6 17. Qe2 cxd4 18. exd4 Qh4 19. Ng4 e5 20. Nxe5 Nxe5 21.
g3 Qg4 22. dxe5 Rxc3 23. Rad1 Rdc8 24. Qe4 g6 25. Qxb7 R8c7 26. Qd5 h5 27. Rd2
h4 28. Rg2 R3c5 29. Qd4 Rc1 30. Qe3 Rxf1+ 31. Bxf1 Be6 32. h3 Qd1 33. gxh4 Kg7
34. Rf2 Qc1 35. Qg3 Rc3 36. Qg5 1/2-1/2

[Event "AUTO-ELITE-2553"]
[Site "http://www.queenalice.com/game.php?id=1849934"]
[Date "2025.1.6"]
[Round "2"]
[White "Sexxy_Bunny"]
[Black "mestreRJ"]
[Result "1/2-1/2"]
[WhiteElo "2637"]
[BlackElo "2714"]

1. e4 e6 2. d4 d5 3. Nc3 dxe4 4. Nxe4 Nd7 5. Nf3 Ngf6 6. Nxf6+ Nxf6 7. Bd3 c5 8.
dxc5 Bxc5 9. O-O O-O 10. Bg5 b6 11. Qe2 Bb7 12. Rad1 Qc7 13. Bxf6 gxf6 14. Be4
Bxe4 15. Qxe4 Rfd8 16. g3 f5 17. Qe2 Be7 18. c3 Bf6 19. Rxd8+ Rxd8 20. Rd1 Rxd1+
21. Qxd1 Qc4 22. a3 Qb5 23. Qc2 Kg7 24. Nd4 Qd5 25. Ne2 Bg5 26. a4 Qd7 27. h3 h6
28. b4 Qd5 29. h4 Qd2 30. Nd4 Qxc2 31. Nxc2 Bf6 32. Nd4 a6 33. Kf1 Kf8 34. Ke2
Ke7 35. Kd3 f4 36. c4 h5 37. b5 axb5 38. axb5 Kd6 39. Ne2 fxg3 40. fxg3 e5 41.
Nc3 Be7 42. Nd5 Bd8 43. Ke4 Ke6 44. Kf3 f5 45. Ke2 Kd7 46. Ne3 Ke6 47. Kf3 Be7
48. Nd5 Bc5 49. Nc7+ 1/2-1/2

[Event "AUTO-ELITE-2553"]
[Site "http://www.queenalice.com/game.php?id=1849935"]
[Date "2025.1.6"]
[Round "2"]
[White "mestreRJ"]
[Black "acid"]
[Result "1/2-1/2"]
[WhiteElo "2715"]
[BlackElo "2724"]

1. e4 e5 2. Nf3 Nc6 3. Bc4 Nf6 4. Ng5 d5 5. exd5 Na5 6. Bb5+ c6 7. dxc6 bxc6 8.
Qf3 cxb5 9. Qxa8 Qc7 10. Qf3 Nc6 11. c3 Bg4 12. Qg3 Nd4 13. Na3 Ne2 14. Qd3 Nf4
15. Qxb5+ Bd7 16. Qc4 Qb7 17. f3 Bxa3 18. bxa3 O-O 19. O-O Bb5 20. Qb3 Qa6 21.
d3 Nxd3 22. Nh3 Bc4 23. Qc2 Qb6+ 24. Kh1 h6 25. Nf2 Rd8 26. h3 Nh5 27. Kh2 e4
28. Nxe4 Qc7+ 29. Kg1 f5 30. Nd2 Qc5+ 31. Kh2 Qc7+ 1/2-1/2

[Event "AUTO-ELITE-2553"]
[Site "http://www.queenalice.com/game.php?id=1849936"]
[Date "2025.1.6"]
[Round "2"]
[White "acid"]
[Black "mestreRJ"]
[Result "1/2-1/2"]
[WhiteElo "2724"]
[BlackElo "2715"]

1. e4 e6 2. d4 d5 3. e5 c5 4. c3 Nc6 5. Nf3 Qb6 6. a3 c4 7. Nbd2 Na5 8. Rb1 Bd7
9. Be2 h6 10. h4 O-O-O 11. h5 Kb8 12. Kf1 Ne7 13. Kg1 f6 14. Nf1 Rg8 15. Be3
Nac6 16. b3 cxb3 17. exf6 gxf6 18. Bf4+ Ka8 19. Rxb3 Qa5 20. Qb1 e5 21. dxe5 Bf5
22. Bd3 Qa4 23. Bxf5 Nxf5 24. Qxf5 fxe5 25. Rxb7 Kxb7 26. Qf7+ Be7 27. Bxh6 Qg4
28. Ne3 Qd7 29. Bg7 Bxa3 30. Qxd7+ Rxd7 31. h6 Rgxg7 32. hxg7 Rxg7 33. Nxd5
1/2-1/2

[Event "AUTO-OPEN-4531"]
[Site "http://www.queenalice.com/game.php?id=1851440"]
[Date "2025.2.1"]
[Round "2"]
[White "pomar"]
[Black "mestreRJ"]
[Result "0-1"]
[WhiteElo "1825"]
[BlackElo "2715"]

1. f3 e5 2. Kf2 d5 3. e3 Nc6 4. Bb5 Bd7 5. g3 h5 6. Kg2 h4 7. g4 f5 8. h3 e4 9.
fxe4 dxe4 10. Bxc6 bxc6 11. gxf5 Bxf5 12. Ne2 Bd6 13. Rf1 Qg5+ 14. Kh1 Bxh3 15.
Rg1 Bg3 16. Nxg3 hxg3 17. Re1 Qh4 18. Kg1 Bg4 0-1

[Event "AUTO-OPEN-4531"]
[Site "http://www.queenalice.com/game.php?id=1851441"]
[Date "2025.2.1"]
[Round "2"]
[White "mestreRJ"]
[Black "pomar"]
[Result "1-0"]
[WhiteElo "2718"]
[BlackElo "1821"]

1. e4 e6 2. d4 d5 3. e5 c5 4. c3 Qb6 5. Nf3 Nc6 6. Bd3 cxd4 7. cxd4 Bd7 8. Be2
Bb4+ 9. Nc3 Nge7 10. O-O Nf5 11. Na4 Qa5 12. a3 Be7 13. b4 Qc7 14. Bb2 a6 15.
Nc5 b6 16. Nxa6 Qc8 17. g4 Nh6 18. b5 Na5 19. Rc1 Nc4 20. Qb3 Rxa6 21. Bxc4 Ra5
22. Bxd5 Qb8 23. Bc6 Qa7 24. d5 Bxa3 25. Bxd7+ Kxd7 26. dxe6+ fxe6 27. Rfd1+ Ke7
28. Ng5 Bxb2 29. Qxe6+ 1-0

[Event "AUTO-OPEN-4531"]
[Site "http://www.queenalice.com/game.php?id=1851447"]
[Date "2025.2.1"]
[Round "2"]
[White "Scharlatan"]
[Black "mestreRJ"]
[Result "0-1"]
[WhiteElo "2103"]
[BlackElo "2719"]

1. e4 e6 2. d4 d5 3. e5 c5 4. c3 Nc6 5. Nf3 Qb6 6. Bd3 Bd7 7. dxc5 Bxc5 8. O-O
a5 9. Qe2 f6 10. c4 dxc4 11. Bxc4 fxe5 12. Nc3 Nd4 13. Nxd4 Bxd4 14. Ne4 Nf6 15.
Rb1 Nxe4 0-1

[Event "AUTO-OPEN-4529"]
[Site "http://www.queenalice.com/game.php?id=1852416"]
[Date "2025.2.18"]
[Round "3"]
[White "mestreRJ"]
[Black "bonow"]
[Result "1-0"]
[WhiteElo "2720"]
[BlackElo "2235"]

1. e4 c5 2. c3 Nf6 3. e5 Nd5 4. d4 b6 5. dxc5 bxc5 6. Qxd5 Nc6 7. Nf3 e6 8. Qd1
Be7 9. Bd3 f6 10. exf6 gxf6 11. O-O d5 12. Re1 e5 13. Nh4 Be6 14. Nf5 Qd7 15.
Ng7+ Kf7 16. Qh5+ Kxg7 17. Bh6+ 1-0